000 00637nam a2200277Ia 4500
005 20260324130059.0
008 008 260324s9999 xx 000 0 eng d
020 _a9781351149204
037 _aEBOOK
040 _aCRL
040 _beng
040 _cCRL
041 _2eng
041 _aeng
084 _qCRL
100 _aDarren C. Marks
_91180437
245 0 _aShaping a Global Theological Mind
260 _bTaylor and Francis
260 _c2008
365 _a
365 _b230
856 _uhttp://www.taylorfrancis.com/books/9781351149204
942 _cEBOOK
999 _c1776276
_d1776276